Colombia : (Registro nro. 5558)

Detalles MARC
000 -LEADER
fixed length control field 01004nam a2200265Ia 4500
003 - CONTROL NUMBER IDENTIFIER
control field OSt
005 - DATE AND TIME OF LATEST TRANSACTION
control field 20200709125708.0
008 - FIXED-LENGTH DATA ELEMENTS--GENERAL INFORMATION
fixed length control field 191128s1985 ck ado gr 000 0 spa d
040 ## - CATALOGING SOURCE
Original cataloging agency CO-JMCR
Transcribing agency CO-JMCR
041 0# - LANGUAGE CODE
Language code of text/sound track or separate title spa
082 04 - DEWEY DECIMAL CLASSIFICATION NUMBER
Classification number 330.986 /
Item number B213e
Edition number 23
082 ## - DEWEY DECIMAL CLASSIFICATION NUMBER
Item number
110 1# - MAIN ENTRY--CORPORATE NAME
Corporate name or jurisdiction name as entry element Colombia. Banco de la República
9 (RLIN) 4817
245 10 - TITLE STATEMENT
Title Colombia :
Remainder of title economic structure /
Statement of responsibility, etc. Banco de la República
260 ## - PUBLICATION, DISTRIBUTION, ETC.
Place of publication, distribution, etc. Bogotá :
Name of publisher, distributor, etc. Banco de la República,
Date of publication, distribution, etc. 1985.
300 ## - PHYSICAL DESCRIPTION
Extent 105 páginas :
Other physical details fotografías a color, 1 mapa ;
Dimensions 19 cm.
505 0# - FORMATTED CONTENTS NOTE
Formatted contents note General description of the country -- Production: structure and tendencies -- Financial system -- Public sector -- External sector
546 ## - LANGUAGE NOTE
Language note Texto en inglés
650 14 - SUBJECT ADDED ENTRY--TOPICAL TERM
Topical term or geographic name entry element Estructura económica
Geographic subdivision Colombia
9 (RLIN) 6905
650 24 - SUBJECT ADDED ENTRY--TOPICAL TERM
Topical term or geographic name entry element Indicadores económicos
Geographic subdivision Colombia
9 (RLIN) 6906
650 24 - SUBJECT ADDED ENTRY--TOPICAL TERM
Topical term or geographic name entry element Indicadores sociales
Geographic subdivision Colombia
9 (RLIN) 6907
650 24 - SUBJECT ADDED ENTRY--TOPICAL TERM
Topical term or geographic name entry element Condiciones económicas
Geographic subdivision Colombia
9 (RLIN) 6839
650 24 - SUBJECT ADDED ENTRY--TOPICAL TERM
Topical term or geographic name entry element Política económica
Geographic subdivision Colombia
9 (RLIN) 6845
942 ## - ADDED ENTRY ELEMENTS (KOHA)
Source of classification or shelving scheme Dewey Decimal Classification
Koha item type Books
Existencias
Withdrawn status Lost status Source of classification or shelving scheme Materials specified (bound volume or other part) Damaged status Not for loan Home library Current library Shelving location Date acquired Source of acquisition Full call number Barcode Date last seen Copy number Price effective from Koha item type
    Dewey Decimal Classification Donación--15/04/2018--     Biblioteca Pública José María del Castillo y Rada Biblioteca Pública José María del Castillo y Rada General Stacks 11/28/2019 Donación 330.986 / B213e 430002163 05/16/2024 Ej.1 11/28/2019 Books